Cristiano Ronaldo - Statistiques

Statistiques générales
  • Ce quiz a été pris 243 fois
  • Le résultat moyen est 3 sur 10
Statistiques - réponses
Question Réponse % Correct
Pourquoi Ronaldo a quitté Manchester United en 2022 ? Parce qu’il refusait d’être sur le banc
73%
Quelle est la statistique la plus impressionnante de Cristiano Ronaldo ? Son nombre de penalties transformés
51%
Quelle est la chose que Cristiano aime le plus au monde ? Lui-même
47%
Quelle est la première chose que CR7 regarde après un match ? S’il a marqué plus de buts que Messi ce jour-là
37%
Pourquoi Ronaldo a refusé de prendre sa retraite après l’échec au Mondial 2022 ? Parce que il n'as toujours pas marqué un but en phase à élimination directe de CDM
25%
Quel est le moment préféré de Ronaldo dans un match ? Quand il enlève son maillot pour montrer ses abdos
24%
Quelle est la plus grande phobie de Cristiano Ronaldo ? Messi
20%
Pourquoi Ronaldo a signé en Arabie Saoudite en 2023 ? Parce que il n'avait plus le niveau pour l'europe
11%
Messi l'a t'il traumatisé ? Oui
10%
Pourquoi CR7 a-t-il pleuré en finale de l’Euro 2016 ? Parce qu’il a découvert qu’il ne pouvait pas tirer tous les penalties
3%
Aucun quiz correspondant
Distribution des résultats
% des personnes avec chaque résultat
Percentile par nombre de réponses
Votre historique - résultats
Vous n’avez pas pris ce quiz